000 00588nam a2200193Ia 4500
003 GCL
008 140319s9999 xx 000 0 ara d
040 _aGCL /
_cGCL
082 0 4 _a338.2727
_bم ب
100 1 _aمحمود امين العالم
245 1 0 _aالبترول العربى فى المعركة /
_cمحمود امين العالم
700 1 _aى.ن.ميدنسكى
700 1 _aمحمود امين
490 _aاقرأ
_v0
650 0 4 _aالبترول
650 0 4 _aالبترول - صناعة وتجارة
650 0 4 _aحرب اكتوبر 1973
942 _2ddc
_cBK
999 _c40451
_d40451